Central Library OPAC University of Rajshahi

Everyman's classical atlas : (Record no. 23918)

MARC details
000 -LEADER
fixed length control field 00948nam a2200265 a 4500
001 - CONTROL NUMBER
control field 23918
003 - CONTROL NUMBER IDENTIFIER
rucl marc code BD-RjUL
005 - DATE AND TIME OF LATEST TRANSACTION
control field 20211209001003.0
008 - FIXED-LENGTH DATA ELEMENTS--GENERAL INFORMATION
fixed length control field 140312s1963 enkb 001 0 eng d
035 ## - SYSTEM CONTROL NUMBER
System control number (BD-RjUL) 23983
040 ## - CATALOGING SOURCE
Original cataloging agency PLF
Transcribing agency PLF
Modifying agency BD-RjUL
Language of cataloging eng
041 ## - LANGUAGE CODE
Language code of text/sound track or separate title eng
082 ## - DEWEY DECIMAL CLASSIFICATION NUMBER
Classification number 913
Author mark and year THE 1963
100 1# - MAIN ENTRY--PERSONAL NAME
Personal name Thomson, J. Oliver
Fuller form of name (James Oliver)
9 (RLIN) 66599
245 10 - TITLE STATEMENT
Title Everyman's classical atlas :
Remainder of title with an essay on the development of ancient geographical knowledge and theory /
Statement of responsibility, etc. by J. Oliver Thomson.
250 ## - EDITION STATEMENT
Edition statement 2 nd.
260 ## - PUBLICATION, DISTRIBUTION, ETC. (IMPRINT)
Place of publication, distribution, etc. London :
Name of publisher, distributor, etc. Dent ;
Place of publication, distribution, etc. New York :
Name of publisher, distributor, etc. Dutton,
Date of publication, distribution, etc. c1963
300 ## - PHYSICAL DESCRIPTION
Pagination lxxiv, 125 p. :
Illustrations ill., col maps. ;
Size 20 cm.
490 1# - SERIES STATEMENT
Series statement Everyman's reference library
500 ## - GENERAL NOTE
General note First ed. published in 1907 under title: Atlas of ancient and classical geography.
504 ## - BIBLIOGRAPHY, ETC. NOTE
Bibliography, etc Includes index.
650 #0 - SUBJECT ADDED ENTRY--TOPICAL TERM
Topical term or geographic name as entry element Classical geography
Form subdivision Maps.
9 (RLIN) 66600
830 #0 - SERIES ADDED ENTRY--UNIFORM TITLE
Uniform title Everyman's reference library
942 ## - ADDED ENTRY ELEMENTS (KOHA)
Source of classification or shelving scheme Dewey Decimal Classification
Koha item type Books
Holdings
Lost status Source of classification or shelving scheme Damaged status Not for loan Collection code Permanent Location Current Location Shelving location Date acquired Source of acquisition Cost, normal purchase price Total Checkouts Full call number Date last seen Copy number Koha item type
  Dewey Decimal Classification     Non-fiction Central Library, University of Rajshahi Central Library, University of Rajshahi   01/12/1965 Zeitlinger 20.00   913 THE 1963 12/03/2014 C-1 Books